01601 a2200181 45000010006000000050017000060080041000230030015000640400040000790800062001192450045001810200018002262500011002442640037002553000019002925051077003111000031013884685420260407155739.0260407a1984 arg spa dAR-UNSa-BCEJYS aAR-UNSa-BCEJYSbspacAR-UNSa-BCEJYS a341.9xDerecho Internacional Privado. Conflictos de Leyes10aManual del Derecho Internacional Privado a950-21-0020-4 a6a.ed. 1aBuenos Aires :bPlus Ultrac1984 a711 p.c23 cm. a1. Introducción - 2. Historia del derecho internacional privado (Las doctrinas estatutarias) - 3. Historia del derecho internacional privado (La doctrina angloamericana) - 4. Las normas jurídicas indirectas. Las calificaciones. La cuestión previa. El fraude a la ley - 5. La teoría del reenvío. El derecho extranjero en el proceso. El orden público - 6. El domicilio - 7. Las personas físicas. Los incapaces y su protección - 8. Personas jurídicas de carácter público y de carácter privado - 9. El matrimonio - 10. Separación y divorcio. Bigamia. La filiación. La adopción - 11. Sucesiones - 12. Cosas y derechos reales. La lex rei sitae. La ley personal. La prescripción adquisitiva. El buque y su relación jurídica. La propiedad espiritual - 13. Forma de los actos jurídicos. La regla locus regit actum. Soluciones - 14. De las obligaciones - 15. Derecho internacional privado comercial - 16. Sociedades comerciales - 17. Derecho procesal internacional - 18. Régimen de la quiebra extranacional - 19. Derecho penal internacional. 1 aKaller de Orchansky, Berta